000 00315nam a2200121Ia 4500
008 220204s9999 xx 000 0 und d
082 _a065.01
_bALL
100 _aAllen, Louis A
245 0 _aManagement and organization
260 _aNew Delhi
_bMcGraw Hill
_c1958
650 _aManagement organization
942 _cBK
999 _c23699
_d23699